Стабилизация технологического процесса с изменяющейся активностью катализатора; Химическая промышленность; № 7

Bibliografiske detaljer
Parent link:Химическая промышленность.— , 1944-2006
№ 7.— 1999.— С. 6-8
Andre forfattere: Кравцов А. В. Анатолий Васильевич, Иванчина Э. Д. Эмилия Дмитриевна, Сгибнев А. В., Санников А. Л.
Summary:Компьютерный расчет текущей активности КТ, выполняемый с использованием физ.-хим. моделей, дает возможность качественно и количественно оценить оптим. режим эксплуатации КТ. Предложен способ определения оптим. активности КТ. Разработана и используется на действующей установке риформинга методика экспресс-оценки уровня текущей активности КТ по углеводородному составу сырья и продуктов р-ций. Предложен способ регулирования активности в условиях действующего произ-ва. Рассчитана экономич. эффективность от поддержания оптим. активности КТ в течение межрегенерац. периода и общего срока службы. Разработана и реализована в виде Фреймовой модели стратегия оптим. эксплуатации катализатора
Sprog:russisk
Udgivet: 1999
Fag:
Format: Book Chapter
KOHA link:https://koha.lib.tpu.ru/cgi-bin/koha/opac-detail.pl?biblionumber=467899

MARC

LEADER 00000naa2a2200000 4500
001 467899
005 20231101090848.0
035 |a (RuTPU)RU\TPU\prd\132912 
035 |a RU\TPU\prd\132898 
090 |a 467899 
100 |a 20120217a1999 k y0rusy50 ca 
101 0 |a rus 
102 |a RU 
200 1 |a Стабилизация технологического процесса с изменяющейся активностью катализатора  |f А. В. Кравцов [и др.] 
330 |a Компьютерный расчет текущей активности КТ, выполняемый с использованием физ.-хим. моделей, дает возможность качественно и количественно оценить оптим. режим эксплуатации КТ. Предложен способ определения оптим. активности КТ. Разработана и используется на действующей установке риформинга методика экспресс-оценки уровня текущей активности КТ по углеводородному составу сырья и продуктов р-ций. Предложен способ регулирования активности в условиях действующего произ-ва. Рассчитана экономич. эффективность от поддержания оптим. активности КТ в течение межрегенерац. периода и общего срока службы. Разработана и реализована в виде Фреймовой модели стратегия оптим. эксплуатации катализатора 
461 1 |0 (RuTPU)RU\TPU\prd\1027  |t Химическая промышленность  |d 1944-2006 
463 1 |0 (RuTPU)RU\TPU\prd\130572  |t № 7  |v С. 6-8  |d 1999 
610 1 |a труды учёных ТПУ 
701 1 |a Кравцов  |b А. В.  |c химик-технолог  |c профессор-консультант Томского политехнического университета, доктор технических наук  |f 1938-  |g Анатолий Васильевич  |2 stltpush  |3 (RuTPU)RU\TPU\pers\19827 
701 1 |a Иванчина  |b Э. Д.  |c химик  |c профессор Томского политехнического университета, доктор технических наук  |f 1951-  |g Эмилия Дмитриевна  |2 stltpush  |3 (RuTPU)RU\TPU\pers\24966 
701 1 |a Сгибнев  |b А. В. 
701 1 |a Санников  |b А. Л. 
801 1 |a RU  |b 63413507  |c 20120215 
801 2 |a RU  |b 63413507  |c 20120217  |g RCR 
942 |c BK